000 00798nam a22002777a 4500
003 UA-OsUOA
001 23164
007 ta
008 20040113b un ||||| |||| 00| 0 ukr d
100 _aХэм Кен
700 _aСнеллинг Эндрю
700 _aВилэнд Карл
090 _a2688
_bХ99
942 _cBK
040 _aUA-OsUOA
_brus
_cUA-OsUOA
_dUA-OsUOA
245 _aКнига ответов
_bОтветы на 12 наиболее часто задаваемых вопросов о книге бытия, творении и эволюции
300 _a176 с.
955 _a0
041 _arus
080 _a2688
020 _a5-85770-114-71
260 _aМосква
_bПротестант
_c1993
044 _aRU
650 7 _2UDC
999 _c309407
_d309407